| 000 | 01227cam a22002054a 4500 | ||
|---|---|---|---|
| 005 | 20250605164205.0 | ||
| 008 | 250528s ||||||||||||||||||||||||d | ||
| 035 | _a19912 | ||
| 020 | _a130313998 | ||
| 040 |
_aGR-AtMCL _bgre _dGR-AtMCL _eAACR2 |
||
| 245 | 1 | _aΠολυμέσα / Θεωρία και Πράξη / Κωδικοποίηση Μέσων και Επεξεργασία Περιεχομένου | |
| 260 |
_bΜ. Γκιούρδας, _c2002 |
||
| 300 | _a280 | ||
| 520 | _aΈνας πρακτικός και γεμάτος παραδείγματα οδηγός για κωδικοποίηση μέσων και επεξεργασία περιεχομένου. Πρόλογος, Εισαγωγή, Μέσα και Ρεύματα Δεδομένων, Τεχνολογία Ακουστικών Μέσων, Γραφικά και Εικόνες, Τεχνολογία Βίντεο, Κίνηση Μέσω Υπολογιστή, Συμπίεση Δεδομένων, Οπτικά Μέσα Αποθήκευσης, Ανάλυση Περιεχομένου, Βιβλιογραφία, Ευρετήριο. | ||
| 700 | 1 |
_aNahrstedt Klara _96070 |
|
| 700 | 1 |
_aSteinmetz Ralf _96071 |
|
| 942 | _cBK | ||
| 999 |
_c5154 _d5154 |
||